| 000 | nam a22 7a 4500 | ||
|---|---|---|---|
| 999 |
_c330500 _d330500 |
||
| 003 | NUST | ||
| 005 | 20170718130045.0 | ||
| 008 | 170718b xxu||||| |||| 00| 0 eng d | ||
| 020 | _a9781439817858 | ||
| 040 | _c0 | ||
| 082 | _a620.5 NAN | ||
| 245 |
_aNanotechnology 2009 Life Science ,Medicine,Diagnostics,Bio Materials and Composites: _bTechnical proceeding of the 2009 NSTI Nanotechnology Conference and Expo |
||
| 260 |
_aHouston,USA _bNanotech _c2009 |
||
| 300 | _a566p. | ||
| 500 | _aP.B | ||
| 942 |
_2ddc _cBK _kIESE |
||